Представление документа в формате MARC21

Поле Инд. ПП Название Значение
Тип записи a
Библиографический уровень m
001 Контрольный номер RU/IS/BASE/327676717
005 Дата корректировки 20141114160851.3
040 a Служба первич. каталог. НБ ТвГУ
b Код языка каталог. rus
e Правила каталог. PSBO
041 0_ a Код языка текста rus
080 a Индекс УДК 323.1(470)(043.3)
084 a Индекс другой классификации/Индекс ББК С032.4я031
084 a Индекс другой классификации/Индекс ББК Ф3(2Рос),5я031
090 a Полочн. индекс С032.4
x Авторский знак И 33
100 1_ a Автор Извекова Елена Викторовна
q Полное имя Извекова Е. В.
245 10 a Заглавие Национализм как фактор социально-политических трансформаций: опыт России (социально-философский аспект)
b Продолж. заглавия автореф. дис. ... канд. филос. наук : 09.00.11
c Ответственность АНО ВПО Центросоюза РФ "Рос. ун-т кооперации", Каф. соц.-гуманит. дисциплин, Саранский кооп. ин-т (фил.)
260 a Место издания Тверь
c Дата издания 2010
300 a Объем 23 с.
500 a Примечание На правах рукоп.
504 a Библиография Библиогр. в конце кн. (5 назв.)
653 a Ключевые слова Авторефераты
a Ключевые слова Дезинтеграция СССР
a Ключевые слова Нации
a Ключевые слова Национализм
a Ключевые слова Национальная политика
a Ключевые слова Национальные отношения в России
a Ключевые слова Социальная философия
a Ключевые слова Этнополитика
920 a Оператор Густ
930 a Новая/Ретро авторефераты
952 c Вид литературы А/Р н
954 a Дата поступления на обработку 20100521